Improvement to young budding technique. II : Enhancing earlier, better and more uniform sprouting (Record no. 60877)

MARC details
000 -LEADER
fixed length control field 00399nam a2200145Ia 4500
100 ## - MAIN ENTRY--AUTHOR NAME
Personal name Yoon P K
245 #0 - TITLE STATEMENT
Title Improvement to young budding technique. II : Enhancing earlier, better and more uniform sprouting
260 ## - PUBLICATION, DISTRIBUTION, ETC. (IMPRINT)
Name of publisher Planters Bulletin
Year of publication 1988
300 ## - PHYSICAL DESCRIPTION
Number of Pages 27-36
650 ## - SUBJECT ADDED ENTRY--TOPICAL TERM
Topical Term Nicking
650 ## - SUBJECT ADDED ENTRY--TOPICAL TERM
Topical Term Pruning
650 ## - SUBJECT ADDED ENTRY--TOPICAL TERM
Topical Term Rubber
942 ## - ADDED ENTRY ELEMENTS (KOHA)
Koha item type Journals
Holdings
Withdrawn status Lost status Damaged status Not for loan Home library Current library Shelving location Date acquired Serial Enumeration / chronology Koha item type
      Journals RRII Library RRII Library Botany 17/12/2021 Volume 195, Issue Journals